[Event "Friendly match EM/2/I/06 corr"]
[Site "CAPA email"]
[Date "1999.??.??"]
[Round "5"]
[White "Ganin, Marcelo"]
[Black "Pinasco, Juan Pablo"]
[Result "0-1"]
[WhiteElo "2016"]
[BlackElo "2000"]
[PlyCount "20"]
[EventDate "1999.06.24"]
[EventType "match (corr)"]
[EventRounds "2"]
[SourceTitle "Corr 2002"]
[Source "ChessBase"]
[SourceDate "2002.05.23"]
[SourceVersion "1"]
[SourceVersionDate "2002.05.23"]
[SourceQuality "1"]

1. e4 e5 2. Nf3 Nf6 3. Nc3 Nc6 4. Bc4 Nxe4 5. Nxe4 d5 6. Bb5 dxe4 7. Nxe5 Qg5 8. Nxc6 Qxb5 9. Nd4 Qg5 10. Kf1 Bg4 0-1

[Event "EM/4/I/02 email"]
[Site "CAPA email"]
[Date "1998.??.??"]
[Round "5"]
[White "Gimenez, Dante Miguel"]
[Black "Ganin, Marcelo"]
[Result "1-0"]
[WhiteElo "2000"]
[BlackElo "2000"]
[PlyCount "97"]
[EventDate "1998.03.11"]
[EventType "tourn (corr)"]
[EventRounds "6"]
[EventCountry "ARG"]
[SourceTitle "Corr 2002"]
[Source "ChessBase"]
[SourceDate "2002.05.23"]
[SourceVersion "1"]
[SourceVersionDate "2002.05.23"]
[SourceQuality "1"]

1. d4 d5 2. c4 e6 3. Nc3 Nf6 4. Bg5 Nbd7 5. e3 Be7 6. Nf3 0-0 7. Qc2 c5 8. Rd1 cxd4 9. Nxd4 Re8 10. Be2 dxc4 11. Bxc4 Qa5 12. Bh4 Ne5 13. Be2 Nd5 14. Bxe7 Rxe7 15. 0-0 Rc7 16. Nb3 Qb6 17. e4 Rxc3 18. bxc3 Nf6 19. Rd4 Bd7 20. Rfd1 Rc8 21. c4 Qc7 22. Qd2 Ba4 23. Rd8+ Be8 24. f4 Qb6+ 25. c5 Qxd8 26. Qxd8 Rxd8 27. Rxd8 Nc6 28. Rc8 Kf8 29. Bf3 e5 30. fxe5 Nd7 31. e6 fxe6 32. Bg4 Ke7 33. Bxe6 Kxe6 34. Rxe8+ Kf7 35. Rc8 Ke7 36. Kf2 Nd8 37. Na5 b6 38. c6 bxa5 39. cxd7 Kxd7 40. Rxd8+ Kxd8 41. Ke3 Ke7 42. Kd4 Kd6 43. a4 Ke6 44. e5 g6 45. Ke4 h6 46. Kd4 Kd7 47. Kd5 Ke7 48. e6 Kf8 49. Kd6 1-0